| 000 | 00516nam a2200193Ia 4500 | ||
|---|---|---|---|
| 005 | 20220117134531.0 | ||
| 008 | 140110s9999 xx 000 0 und d | ||
| 020 |
_a9788129120212 _cRs.140.00 |
||
| 040 | _aLoreto College | ||
| 041 | _aEnglish | ||
| 082 |
_a320.954 _bBHA |
||
| 100 | _aBhagat, Chetan | ||
| 245 |
_aWhat young India wants _bSelected essays and columns _cChetan Bhagat |
||
| 260 |
_aNew Delhi _bRupa _c2012 |
||
| 300 | _axxvi, 181p. | ||
| 650 | _aIndian Politics | ||
| 850 | _aLCLIB | ||
| 942 | _cBK | ||
| 999 |
_c38420 _d88899 |
||